El día decisivo: 11 de septiembre de 1973

Kaydedildi:
Detaylı Bibliyografya
Yazar: Pinochet Ugarte, Augusto (1915-2006)
Materyal Türü: Kitap
Dil:İspanyolca
Baskı/Yayın Bilgisi: Santiago Andrés Bello 1979
Edisyon:1a. ed
Konular:
Etiketler: Etiketle
Etiket eklenmemiş, İlk siz ekleyin!

MARC

LEADER 00000cam a2200000 a 4500
001 UCD3804
003 CL-VaPUC
008 160616e19791200cl |||||||||||||||||spa|d
082 0 4 |a 983.98  |b PIN  |2 21 
100 |a Pinochet Ugarte, Augusto,  |e 1915-2006  |9 374419 
245 1 3 |a El día decisivo: 11 de septiembre de 1973 
250 |a 1a. ed 
300 |a 279 p 
942 |c BK 
945 |d 20160616 22:39:00  |a arojas 
260 |a Santiago  |b Andrés Bello  |c 1979 
650 0 |a Historia de Chile  |9 265473 
650 7 |a GOLPE MILITAR, 1973  |2 CL-VaPUC  |9 404217 
650 7 |a GOLPE DE ESTADO, 1973  |2 CL-VaPUC  |9 313453 
651 7 |a CHILE  |2 CL-VaPUC  |9 587386 
583 |a last modification  |c 20160616 22:39:00  |k Rodrigo Vera 
999 |c 364819  |d 364817 
952 |0 0  |1 0  |3 erb  |4 0  |6 983_980000000000000_PIN_1979  |7 0  |8 A  |9 478408  |a FDOHBE  |b FDOHBE  |e Huesbe Llanos, Marco Antonio, 1934-  |i 531044K  |o 983.98 PIN 1979  |p 531044K  |r 2024-01-30  |w 2019-11-24  |y BK  |z Catalogado en:20160616  |k HBE